000 00927nam a2200301 a 4500
001 56868
003 BD-RjUL
005 20211209080438.0
008 161204s2007 nyu b 001 0 eng
020 _a0415408954 (hbk)
020 _a9780415408950 (hbk)
020 _a0415408962 (pbk)
020 _a9780415408967 (pbk)
020 _a0203946243 (ebk)
020 _a9780203946244 (ebk)
035 _a(BD-RJUL)56992
040 _aDLC
_cDLC
_dBD-RJUL
_beng
041 _aeng
082 0 0 _a306.6
_223
_bELI 2007
100 1 _aEller, Jack David,
_d1959-
_9169069
245 1 0 _aIntroducing anthropology of religion :
_bculture to the ultimate /
_cJack David Eller.
260 _aNew York :
_bRoutledge,
_c2007.
300 _axv, 352 p. ;
_c26 cm.
504 _aIncludes bibliographical references (p. [331]-345) and index.
650 0 _aAnthropology of religion.
_9169070
942 _2ddc
_cBK
999 _c56868
_d56868